000
00221nam a22000857a 4500
008
160718b xxu||||| |||| 00| 0 eng d
100
_9
3012
_a
Soanes, C
245
_a
Compact Oxford Dictionary
260
_a
New York
_b
Oxford
_c
2001
999
_c
2575
_d
2575